Estudio integral de la División Automotriz de COOPESA R.L. para el mejoramiento de productividad

Zapisane w:
Opis bibliograficzny
1. autor: González Espinoza, Hansy
Kolejni autorzy: Morales Morales, Julissa
Format: Książka
Wydane: San José, Costa Rica 1991
Hasła przedmiotowe:
Etykiety: Dodaj etykietę
Nie ma etykietki, Dołącz pierwszą etykiete!

MARC

LEADER 00000nam a2200000Ia 4500
003 007383
005 20221231144304.0
008 140114s1991 cr m 000 ||s d
040 |c cru CEDI 
090 |a TFG 3103 
100 |a González Espinoza, Hansy  |9 11404 
245 |a Estudio integral de la División Automotriz de COOPESA R.L. para el mejoramiento de productividad  
260 |c 1991  |a San José, Costa Rica 
300 |a  2 volúmenes ; 28 cm.  
500 |a  Proyecto de graduacion (licenciatura en ingenieria industrial)--Universidad de Costa Rica. Facultad de Ingeniería. Escuela de Ingenieria Industrial 
650 |x COOPERATIVA DE SERVICIOS AEROINDUSTRIALES (COSTA RICA)   |x DIVISION AUTOMOTRIZ  |9 11406 
700 |9 11405  |a Morales Morales, Julissa 
942 |c TFG 
999 |c 19653  |d 19653